000 00907cam a22002531i 4500
003 SA-RiAUC
005 20250613153907.0
008 250613s1983 su g 00010 ara c
040 _aSA-MdTU
_bara
_cSA-RiAUC
_erda
082 0 4 _a232
_qSA-RiAUC
090 _a232
_bط ح ا
100 1 _aالطحان، محمود أحمد،
_d1935-
_eمؤلف.
245 1 0 _aأصول التخريج ودراسة الأسانيد /
_cبقلم محمود الطحان.
250 _aالطبعة الخامسة.
264 1 _aالرياض :
_bمكتبة الرشد،
_c1983
300 _a251 صفحة ؛
_c24 سم
336 _aنص
_btxt
_2rdacontent
_3كتاب
337 _aبدون وسيط
_bn
_2rdamedia
338 _aمجلد
_bnc
_2rdacarrier
650 7 _aالحديث
_xإسناد
_2aucsh
650 7 _aالحديث
_xمستخرجات
_2aucsh
942 _2ddc
_cBOOK
_n0
949 _aSA-JeALM
_d250613
_umohamedma123
_n1
999 _c8913
_d8913